| 000 | 00794nam a22002057a 4500 | ||
|---|---|---|---|
| 999 |
_c13706 _d13706 |
||
| 003 | AR-CdUCM | ||
| 008 | 190416b ||||| |||| 00| 0 spa d | ||
| 040 |
_aMUNICIPALIDAD PROVINCIAL DEL CUSCO _cBIBLIOTECA MUNICIPAL DEL CUSCO |
||
| 082 |
_aC / 351 / _bR78 |
||
| 100 |
_aRojas Díaz, Benjamín _932205 |
||
| 245 | _aIncorporación del indio a la vida civilizada / | ||
| 260 |
_aCuzco : _bRozas Sucesores, _c1939. |
||
| 300 |
_a76 paginas ; _c21 cm. |
||
| 505 | _aContenido : El indio a través de la historia peruana -- Aspectos bio-fisiológicos -- Apreciaciones psicológicas -- Caracteres sociológicos -- Problema agro pecuario... | ||
| 650 |
_aIndio _929864 |
||
| 650 |
_aCivilización _91048 |
||
| 650 |
_aVida civilizada _932206 |
||
| 942 |
_2ddc _cLIBROS |
||
| 945 |
_awnts _d2019-04-16 |
||